Βιβλιοθήκη Γενικής Γραμματείας Επικοινωνίας & Ενημέρωσης

Αποτελέσματα εκλογών δημοτικών και κοινοτικών αρχών της 30ης Μαρτίου 1975 και επαναληπτικών της 6ης Απριλίου 1975 κατά δήμους και κοινότητες άνω των 2000 κατοίκων | Ελληνική Δημοκρατία. Υπουργείο Εσωτερικών (Αριθ. εγγραφής 153)

Στοιχεία MARC
000 -ΕΤΙΚΕΤΑ ΕΓΓΡΑΦΗΣ (LEADER)
Σταθερού μήκους πεδίο ελέγχου 00969nam a2200205 4500
003 - PERSISTENT ΑΝΑΓΝΩΡΙΣΤΙΚΟ ΕΓΓΡΑΦΗΣ
Πεδίο ελέγχου GR-kaGGEEl
005 - ΤΑΥΤΟΤΗΤΑ ΕΚΔΟΧΗΣ
Πεδίο ελέγχου 20220622205022.0
035 ## - ΑΡΙΘΜΟΙ ΕΛΕΓΧΟΥ ΑΛΛΩΝ ΣΥΣΤΗΜΑΤΩΝ
Αριθμός ελέγχου συστήματος 3392
100 ## - ΓΕΝΙΚΑ ΔΕΔΟΜΕΝΑ ΕΠΕΞΕΡΓΑΣΙΑΣ
Γενικά δεδομένα επεξεργασίας 20080415d |||y0grey50 ga
200 1# - ΤΙΤΛΟΣ ΚΑΙ ΔΗΛΩΣΗ ΠΝΕΥΜΑΤΙΚΗΣ ΥΠΕΥΘΥΝΟΤΗΤΑΣ
Κύριος Τίτλος Αποτελέσματα εκλογών δημοτικών και κοινοτικών αρχών της 30ης Μαρτίου 1975 και επαναληπτικών της 6ης Απριλίου 1975 κατά δήμους και κοινότητες άνω των 2000 κατοίκων
Πρώτη Δήλωση Πνευματικής Υπευθυνότητας Ελληνική Δημοκρατία. Υπουργείο Εσωτερικών
210 ## - ΔΗΜΟΣΙΕΥΣΗ, ΔΙΑΘΕΣΗ κ.λ.π.
Τόπος δημοσίευσης, διάθεσης, κλπ. Αθήνα
Όνομα εκδότη, διαθέτη, κλπ. Εθνικό Τυπογραφείο
Ημερομηνία δημοσίευσης, διάθεσης κλπ. 1978
606 1# - ΘΕΜΑΤΙΚΟ ΣΗΜΕΙΟ ΠΡΟΣΒΑΣΗΣ - ΘΕΜΑΤΙΚΟ ΟΝΟΜΑ
Στοιχείο αναγραφής Εκλογές
Εσωτερικός κωδικός Koha 12120
676 ## - ΔΕΚΑΔΙΚΗ ΤΑΞΙΝΟΜΗΣΗ DEWEY (DDC)
Αριθμός 324.9
Έκδοση 19
710 02 - ΣΥΛΛΟΓΙΚΟ ΟΡΓΑΝΟ - ΚΥΡΙΑ ΥΠΕΥΘΥΝΟΤΗΤΑ
Κωδικός ρόλων Συγγραφέας
Στοιχείο αναγραφής Ελληνική Δημοκρατία
Υποδιαίρεση Υπουργείο Εσωτερικών
Εσωτερικός κωδικός Koha 12971
712 02 - ΣΥΛΛΟΓΙΚΟ ΟΡΓΑΝΟ - ΔΕΥΤΕΡΕΥΟΥΣΑ ΥΠΕΥΘΥΝΟΤΗΤΑ
Κωδικός ρόλων Εκδότης
Στοιχείο αναγραφής Εθνικό Τυπογραφείο
942 ## - ADDED ENTRY ELEMENTS (KOHA)
Τύπος αντιτύπου Koha Βιβλίο
Αντίτυπα
Withdrawn status Lost status Ημερομηνία απόκτησης Barcode Ταξιθετικός αριθμός Τύπος δανεισμού (not for loan) Τύπος αντιτύπου και υλικού
    15/04/2008 004529 324.9 ΕΛΛ Μη διαθέσιμο Βιβλίο